000 004490000a22001810004500
003 MACL
005 20151003133405.0
008 151003b xxu||||| |||| 00| 0 eng d
040 _aMACL
_cMACL
041 _aEnglish
082 _a910
100 _aBera, Dr, Tilak Ranjan
_913443
245 _aAndaman & Nicobar
260 _bRabati Raman Bera
_c2006
_aHyderabad
350 _a1200
650 _aGeography & Travels
_913444
942 _cBK
_k22244
_2ddc
999 _c8580
_d8580